Mengenal: (Record no. 1020)

000 -LEADER
fixed length control field nam a22 a 4500
005 - DATE AND TIME OF LATEST TRANSACTION
control field 20170508104902.0
008 - FIXED-LENGTH DATA ELEMENTS--GENERAL INFORMATION
fixed length control field 170508b19831986th ||||| |||| 00| 0 may d
040 ## - CATALOGING SOURCE
Original cataloging agency AKMAL
082 ## - DEWEY DECIMAL CLASSIFICATION NUMBER
Classification number 297.22 ISM
090 ## - LOCALLY ASSIGNED LC-TYPE CALL NUMBER (OCLC); LOCAL CALL NUMBER (RLIN)
Classification number (OCLC) (R) ; Classification number, CALL (RLIN) (NR) 297.22
Local cutter number (OCLC) ; Book number/undivided call number, CALL (RLIN) ISM
100 ## - MAIN ENTRY--PERSONAL NAME
Personal name Haji Ismail Bin Awang
9 (RLIN) 2127
245 ## - TITLE STATEMENT
Title Mengenal:
Remainder of title Iman Muratd Kufur Syirik Munafiq Zalim Fasiq
Statement of responsibility, etc. Menurut Al-Quran Dan Al-Sunnah
260 ## - PUBLICATION, DISTRIBUTION, ETC.
Place of publication, distribution, etc. Kota Bharu
Name of publisher, distributor, etc. SYARIKAT JAFFAR RAWAS
Date of publication, distribution, etc. 1983
264 ## - PRODUCTION, PUBLICATION, DISTRIBUTION, MANUFACTURE, AND COPYRIGHT NOTICE
Name of producer, publisher, distributor, manufacturer NAHDI PRESS LTD., PART
300 ## - PHYSICAL DESCRIPTION
Dimensions cm
700 ## - ADDED ENTRY--PERSONAL NAME
Personal name B.A AL-AZHAR
9 (RLIN) 2128
942 ## - ADDED ENTRY ELEMENTS (KOHA)
Source of classification or shelving scheme
Koha item type Book
Holdings
Withdrawn status Lost status Source of classification or shelving scheme Damaged status Not for loan Collection code Home library Current library Shelving location Date acquired Inventory number Total Checkouts Full call number Barcode Date last seen Price effective from Koha item type
          NON-FICTION AKMAL Melaka AKMAL Melaka PINJAMAN 08.05.2017 200829   297.22 ISM 201702045 08.05.2017 08.05.2017 Book
          NON-FICTION AKMAL Melaka AKMAL Melaka PINJAMAN 08.05.2017 200830   297.22 ISM 201702050 08.05.2017 08.05.2017 Book
Pusat Sumber Maklumat Dato' Haji Sarmin Md Hussin, Akademi Kastam Diraja Malaysia, Melaka
Tel: 06-2331106 | Faks: 06-2313787